|
|
|
|
| LEADER |
00614nam a22001577a 4500 |
| 005 |
20151028162326.0 |
| 008 |
090917t xxu||||| |||| 00| 0 eng d |
| 082 |
|
|
|a 551.515 3
|b P9
|
| 100 |
|
|
|a North, Jerald R.
|9 16926
|
| 245 |
|
|
|a Atmospheric Thermodynamics
|b : elementary physics and chemistry
|
| 653 |
|
|
|a Laws of themodynamics
|a Gases
|a thermochemistry
|
| 700 |
|
|
|a Erukhimova, Tatiana L.
|9 16925
|
| 942 |
|
|
|c BK
|6 _
|
| 260 |
|
|
|b Cambridge University
|c 2009
|a Cambridge
|
| 999 |
|
|
|c 79900
|d 79900
|
| 952 |
|
|
|0 0
|1 0
|2 ddc
|4 0
|6 551515_3P9
|7 0
|9 93126
|a SOS
|b SOS
|d 2009-09-17
|l 9
|m 1
|o 551.515 3 P9
|p MS014614
|r 2014-02-13
|s 2014-01-17
|w 2009-09-17
|y BK
|